Knowledge Representation in Medicine and Clinical Behavioural Science

Saved in:
Bibliographic Details
Other Authors: Kohout, Ladislav (Editor), Bandler, Wyllis (Editor)
Format: Book
Language:English
Published: Cambridge, Mass ; Tunbridge Wells, Kent : Abacus Press, 1986.
Subjects:
Tags: Add Tag
No Tags, Be the first to tag this record!

MARC

LEADER 00000cam a2200000 i 4500
001 1/52140
008 950928s1986 mau ||| | eng||
020 |a 0856264423 
035 |a 1995  |c ΒΟΥΡΟΣ  |l 10044341 
040 |a GR-MyUA  |b gre  |e AACR2 
041 0 |a eng 
082 0 |a 610.285  
245 1 0 |a Knowledge Representation in Medicine and Clinical Behavioural Science /   |c Edited by Ladislav Kohout and Wyllis Bandler.  
260 |a Cambridge, Mass ;   |a Tunbridge Wells, Kent :   |b Abacus Press,   |c 1986.  
300 |a 211 σ. ;   |c 24 εκ.  
504 |a Περιέχει βιβλιογραφικές παραπομπές και ευρετήριο.  
650 0 0 |a Medicine  |x Data processing. 
650 0 0 |a Clinical Psychology  |x Data Processing. 
650 0 0 |a Medical logic  |x Data processing. 
650 0 0 |a Expert systems (Computer science) 
650 0 0 |a Electronic data processing. 
650 0 0 |a Models, Theoretical. 
650 0 0 |a Information systems. 
700 1 |a Kohout, Ladislav,  |e edt 
700 1 |a Bandler, Wyllis,  |e edt 
852 |a INST  |b SAMOS  |e 19950928  |h 610.285 KNO  |p 005300004818  |q 005300004818  |t BK  |y 0 
909 |a Σ  |b 042389